Statistics for Foods that Start with D Quiz

Click here to take the quiz!

General Stats

  • This quiz has been taken 51,413 times
    (51,375 since last reset)
  • The average score is 9 of 18

Answer Stats

Clue Food % Correct
Ring-shaped breakfast food, said
to be preferred by police
Doughnut
99%
Chicken legDrumstick
79%
Type of French mustardDijon
79%
Pastry named after a countryDanish
76%
Type of poultryDuck
68%
Herb used to flavor picklesDill
68%
Chicago pizzaDeep-Dish Pizza
58%
Sweet palm fruitDate
57%
Hard-boiled egg stuffed with
yolk, mayo and mustard
Deviled Egg
55%
Omelette with diced ham, onion
and peppers - named after a US city
Denver Omelette
50%
Bite-sized Chinese food,
often including steamed dumplings
Dim Sum
47%
Cuban cocktail of rum,
lime juice and sugar
Daiquiri
38%
Foul-smelling fruit of Southeast AsiaDurian
29%
Tall sandwich named after the
husband from "Blondie"
Dagwood
28%
Turkish dish of roasted meat cooked
on a vertical spit
Doner Kebab
25%
Japanese radishDaikon
24%
Another name for mahi-mahiDolphinfish
20%
"Heavenly" nougat-like confectionDivinity
8%

Score Distribution

Percentile by Number Answered

Percent of People with Each Score

Your Score History

You have not taken this quiz since the last reset